000 00978nas a2200313 4500
001 BR2017000977
003 BR-BrBNA
005 20231205130905.0
007 ta
008 230509b bl.|||p| |||| 00| 00por d
040 _aBR-BrBNA
_bpor
_cBiblioteca Nacional de Agricultura
041 _a(Pt)
072 _aF03
100 1 _aHaesbaert, F.M.
100 1 _aLopes, S.J.
100 1 _aMertz, L.M.
100 1 _aLúcio, A.D.
100 1 _aHuth, C.
245 1 _aTamanho de amostra para determinação da condutividade elétrica individual de sementes de girassol
650 _aGIRASSOL
650 _aTESTE DE SEMENTES
650 _aGERMINAÇÃO
650 _aAMOSTRAGEM
650 _aCONDUTIVIDADE ELÉTRICA
773 0 _tBragantia (Brazil)
_xISSN 1678-4499
_g(Jan-Mar 2017), v. 76(1) p. 54-61
_wBR2017000977
856 4 0 _uttp://www.scielo.br/pdf/brag/v76n1/0006-8705-brag-1678-4499389.pdf
909 _a202311
_bLúcia
_c55
_dLúcia Elande
942 _2AGRIS
_n0
_cANA
999 _c251875
_d251875